000
00410nam a2200169Ia 4500
008
090123s9999 xx 000 0 und d
082
_b
1656
100
_a
अरिफ
245
_a
प्यासी रुह
250
_a
0
300
_a
120
600
_a
अरिफ
630
_a
प्यासी रुह
700
_a
अरिफ
730
_a
प्यासी रुह
942
_c
BOOK
999
_c
39738
_d
39738